Responses for Show #7385 - Friday, October 21, 2016

Contestants

[<< previous game]

Lani Gonzalez, a managing director of an art bazaar from Austin, Texas

Katie Landers, a copywriter from Los Angeles, California

Doug Hartman, a consulting engineer from Virginia Beach, Virginia (whose 1-day cash winnings total $12,400)

[next game >>]

Jeopardy! Round responses

MUSICIANS' SIGNATURE MOMENTS
HISTORIC OOPSIES
THE U.N.'s COUNTRY ABBREVIATION
HODGEPODGE
A BLANK EXPRESSION
(Alex: And finally, in a tribute to the trusted bartender's guide since the 1930s...)
MR. BOSTON
    $200 3
The Beatles

Doug
    $200 8
[Katie gave both listed responses without saying "What is..."]
(Alex: Yeah, remember your phrase.)

the nuclear bomb (the atomic bomb)

Katie
    $200 1
Belgium

Doug
    $200 13
the giraffe

Katie
    $400 4
U2

Doug
    $400 24
(Alex: You are right with about a minute to go, less than a minute.)

the Colorado River

Doug
    $400 2
(Katie: Uh, what is Bengal?)

Benin

KatieLani
    $400 9
Make-A-Wish

Lani
    $400 14
golden egg

Lani
    $600 5
Jimi Hendrix

Katie
    $2,000 25
Pickett's Charge

Doug
    $600 20
Bahrain

Lani
    $600 10
respiration

Lani
    $600 23
least

Doug
    $600 15
a Manhattan

Lani
    $800 6
Ozzy Osbourne

Doug
    $800 26
Cortés

Katie
    $800 21
Barbados

Triple Stumper
    $800 11
sage

Katie
    $800 18
time & tide

Doug
    $800 16
divorce

Lani
    $1000 7
Cheap Trick

Lani
    $1000 27
[The end-of-round signal sounds.]

the Spanish Armada

Katie
    $1000 22
(Katie: What is...)

Bulgaria

KatieLani
    $1000 12
Valentina Tereshkova

Triple Stumper
    $1000 19
(Alex: They're a nation of [*], not to be feared.)

shopkeepers

Triple Stumper
    $1000 17
fizz

Lani

Scores at the first commercial break (after clue 15):

Doug Katie Lani
$1,600 $1,400 $3,400

Scores at the end of the Jeopardy! Round:

Doug Katie Lani
$5,400 $2,200 $6,800

Double Jeopardy! Round responses

A LITERARY MATTER OF LIFE & DEATH
McPEOPLE
ARCHITECTURE
MIDDLE "G"
(Alex: ...each correct response will have a "G" exactly in the middle of the word.)
HORROR TV
BOSTON, MISTER
    $400 5
(Katie: What is Athens?)

Sparta

KatieLani
    $400 24
John McCain

Doug
    $400 18
Stalin

Doug
    $400 1
a dungeon

Lani
    $400 2
American Horror Story

Lani
    $400 10
the Charles River

Doug
    $500 8
(Katie: [Shakes head])

Life on the Mississippi

Katie
    $800 28
[The end-of-round signal sounds.]

David McCullough

Triple Stumper
    $800 19
Los Angeles

Triple Stumper
    $800 9
an orangutan

Lani
    $800 3
Fear the Walking Dead

Lani
    $800 11
the Old North Church

Lani
    $1200 22
(Lani: Who is Dostoevsky?)

Tolstoy

DougLani
    $5,000 25
(Doug: Who was McKinney?)

Christa McAuliffe

Doug
    $1200 20
the Bellagio

Lani
    $1200 15
the springboard

Triple Stumper
    $1200 4
Tales from the Crypt

Katie
    $1200 12
the Boston Pops

Lani
    $1600 27
Butterfly McQueen

Katie
    $1600 21
(Lani: What is Canada?)

Australia

KatieLani
    $1600 16
a brigade

Lani
    $1600 6
(Alex: Yeah. Why did that make you laugh? You have a strange sense of humor, young lady. You'd better pick again.)

a cookbook

Lani
    $1600 13
Logan

Lani
    $2000 26
Ida McKinley

Triple Stumper
    $2000 23
(Alex: Less than a minute now.)

the Norman Conquest

Doug
    $2000 17
an analgesic

Doug
    $2000 7
Penny Dreadful

Katie
    $2000 14
the Gardner

Lani

Scores at the end of the Double Jeopardy! Round:

Doug Katie Lani
$6,800 $7,700 $16,800
(lock game)

[wagering suggestions for these scores]

Final Jeopardy! Round responses

EUROPEAN ANNIVERSARIES
DougWho are the Red Cross?
$6,800
KatieWho
$0
LaniWho are the Knights of Columbus? Swiss Guard
$0
the Swiss Guard

Final scores:

Doug Katie Lani
$0 $7,700 $16,800
3rd place: $1,000 2nd place: $2,000 New champion: $16,800

Game dynamics:

Coryat scores:

Doug Katie Lani
$10,400 $8,200 $16,800
14 R
(including 1 DD),
1 W
(including 1 DD)
10 R,
4 W
(including 1 DD)
22 R,
2 W

Combined Coryat: $35,400

[game clues] [game scores] [suggest correction]

Game tape date: Unknown
The J! Archive is created by fans, for fans. Scraping, republication, monetization, and malicious use prohibited; this site may use cookies and collect identifying information. See terms. The Jeopardy! game show and all elements thereof, including but not limited to copyright and trademark thereto, are the property of Jeopardy Productions, Inc. and are protected under law. This website is not affiliated with, sponsored by, or operated by Jeopardy Productions, Inc. Join the discussion at JBoard.tv.